• 首页
  • 本馆介绍
  • 公告通知
  • 最新文献
  • 馆藏检索
  • 电子资源
  • 读者导购
  • 参考咨询
  • 我的图书馆
  • 登录
  • 详细信息显示
  • 放入我的书架
  • 预约/预借图书
  • 作者相关作品
  • 分类相关作品
  • 丛书相关作品
  • 出版社相关作品

书目信息

  • 表格格式
  • 工作单格式
  • 卡片格式
题名:
中班美术色彩符号教学法
    
 
作者: ;上海市徐悲鸿艺术幼儿园 编著
分册:  
出版信息: 上海   上海书店出版社  20012
页数: 74页
开本: 26cm
丛书名: 幼儿美术教育活动设计
单 册:
中图分类: G613.6
科图分类:
主题词: 教学法--图画课--学前教育 , 图画课--教学法--学前教育
电子资源:
ISBN: 7-80622-711-3
000 01030oam2 2200277 450
001 1555985944
005 20150126153323.03
010    @a7-80622-711-3@dCNY25.00
100    @a20020325e20022001bc y0chiy0120 ea
101 0  @achi
102    @aCN@b310000
105    @aa z 000yy
200 1  @a中班美术色彩符号教学法@9zhong ban mei shu se cai fu hao jiao xue fa@e4-5 岁@f上海市徐悲鸿艺术幼儿园编著
210    @a上海@c上海书店出版社@d20012@h2002.2第2次印刷
215    @a74页@c彩图,彩照@d26cm
225 2  @a幼儿美术教育活动设计
330    @a本书图文并茂。使幼儿有机会欣赏古今中外的美术作品,提供视觉艺术美的多样性,以此引发审美灵感,陶治美的情操,提高幼儿审美能力和表达能力。
333    @a读者对象:少年儿童。
461  0 @12001 @a幼儿美术教育活动设计
606 0  @a教学法@x图画课@x学前教育
606 0  @a图画课@x教学法@x学前教育
686    @aJ387@ve2
690    @aG613.6@v5
711 02 @a上海市徐悲鸿艺术幼儿园@9shang hai shi xu bei hong yi shu you er yuan@4编著
801  0 @aCN@bTSSF@c20150126
905    @aZUCC@dG613.6@eJY7
    
    中班美术色彩符号教学法:4-5 岁/上海市徐悲鸿艺术幼儿园编著.-上海:上海书店出版社,20012(2002.2第2次印刷)
    74页:彩图,彩照;26cm.-(幼儿美术教育活动设计)
    使用对象:读者对象:少年儿童。
    
    ISBN 7-80622-711-3:CNY25.00
    本书图文并茂。使幼儿有机会欣赏古今中外的美术作品,提供视觉艺术美的多样性,以此引发审美灵感,陶治美的情操,提高幼儿审美能力和表达能力。
●
相关链接 在E读中查询图书 在五车中查询图书 在当当中查询图书 在豆瓣中查询图书


正题名:中班美术色彩符号教学法     索取号:G613.6/JY7         预约/预借

序号 登录号 条形码 馆藏地/架位号 状态 备注
1 7861217   278612173   学院路分馆/ [索取号:G613.6/JY7] 在馆    
唐山师范学院图书馆 欢迎您!
大连网信软件有限公司© 版权所有